[Event "Ivrea op 14th"]
[Site "Ivrea"]
[Date "2008.03.14"]
[Round "1"]
[White "Costabloz, Giammarco"]
[Black "Ranieri, Fabrizio"]
[Result "0-1"]
[WhiteElo "1625"]
[BlackElo "2238"]
[PlyCount "82"]
[EventDate "2008.03.14"]
[EventType "swiss"]
[EventRounds "5"]
[EventCountry "ITA"]
[SourceTitle "EXT 2011"]
[Source "ChessBase"]
[SourceDate "2010.11.26"]
[SourceVersion "1"]
[SourceVersionDate "2010.11.26"]
[SourceQuality "1"]

1. e4 e6 2. d4 d5 3. exd5 exd5 4. Bd3 Nc6 5. Nf3 Bg4 6. c3 Bd6 7. 0-0 Nge7 8. Be3 Qd7 9. Nbd2 0-0-0 10. Qc2 Nf5 11. Rae1 Rde8 12. Ng5 h6 13. Ngf3 Kb8 14. Bb5 a6 15. Bd3 g5 16. b4 Nce7 17. a4 Reg8 18. b5 a5 19. Ne5 Bxe5 20. dxe5 Nxe3 21. Rxe3 Ng6 22. Nb3 b6 23. Nd4 Nf4 24. Bf5 Bxf5 25. Nxf5 h5 26. Rd1 Qe6 27. Nd4 Qg4 28. Rg3 Qd7 29. Nc6+ Kb7 30. c4 h4 31. Re3 Qg4 32. f3 Nh3+ 33. Kh1 Qf4 34. Red3 g4 35. cxd5 Ng5 36. Rd4 Qe3 37. fxg4 h3 38. d6 hxg2+ 39. Qxg2 Rxh2+ 40. Kxh2 Rh8+ 41. Qh3 Rxh3+ 0-1

[Event "ITA-ch U12"]
[Site "Cortina d'Ampezzo"]
[Date "2005.07.09"]
[Round "9"]
[White "Costabloz, Giammarco"]
[Black "Di Trapani, Davide"]
[Result "1-0"]
[WhiteElo "1529"]
[BlackElo "1616"]
[PlyCount "115"]
[EventDate "2005.07.03"]
[EventType "swiss"]
[EventRounds "9"]
[EventCountry "ITA"]
[SourceTitle "EXT 2024"]
[Source "ChessBase"]
[SourceDate "2023.10.10"]
[SourceVersion "1"]
[SourceVersionDate "2023.10.10"]
[SourceQuality "1"]

1. e4 e5 2. Nf3 Nc6 3. Bb5 a6 4. Bxc6 dxc6 5. 0-0 Bg4 6. h3 Bxf3 7. Qxf3 Qf6 8. Nc3 Qxf3 9. gxf3 Nf6 10. d3 0-0-0 11. f4 Bd6 12. fxe5 Bxe5 13. f4 Bd4+ 14. Kh2 h6 15. Bd2 Rhg8 16. Rf3 g5 17. Raf1 g4 18. Rg3 gxh3 19. Rxg8 Rxg8 20. Kxh3 Kd7 21. f5 Be5 22. Bf4 Bxf4 23. Rxf4 Rg1 24. Rf2 Ng4 25. Re2 h5 26. a3 Ke7 27. e5 Rf1 28. f6+ Ke6 29. Kh4 Rh1+ 30. Kg5 c5 31. Ne4 Nxe5 32. Nxc5+ Kd5 33. Nxb7 h4 34. c4+ Kc6 35. Rxe5 Kxb7 36. Re7 h3 37. Kh4 h2 38. Kh3 Rf1 39. Kxh2 Rxf6 40. Kg3 Kc6 41. b4 Kd6 42. Re4 Rg6+ 43. Kf2 f5 44. Rd4+ Ke5 45. Rd5+ Kf4 46. Rc5 Rg3 47. Rxf5+ Kxf5 48. Kxg3 Ke5 49. Kf3 Kd4 50. Ke2 Kc3 51. Ke3 Kb3 52. Kd4 Kxa3 53. b5 a5 54. Kc5 a4 55. Kc6 Kb3 56. Kxc7 a3 57. b6 a2 58. b7 1-0

[Event "Ivrea op-B 11th"]
[Site "Ivrea"]
[Date "2005.05.27"]
[Round "1"]
[White "Costabloz, Giammarco"]
[Black "Bogatto, Mario"]
[Result "1-0"]
[WhiteElo "1562"]
[BlackElo "1365"]
[PlyCount "97"]
[EventDate "2005.05.27"]
[EventType "swiss"]
[EventRounds "5"]
[EventCountry "ITA"]
[SourceTitle "EXT 2024"]
[Source "ChessBase"]
[SourceDate "2023.10.10"]
[SourceVersion "1"]
[SourceVersionDate "2023.10.10"]
[SourceQuality "1"]

1. e4 d6 2. d4 Nf6 3. Nc3 g6 4. Nf3 Bg4 5. Be2 Bg7 6. Bg5 Nc6 7. d5 Bxf3 8. Bxf3 Ne5 9. h4 h6 10. Bf4 Nxf3+ 11. Qxf3 Qd7 12. 0-0-0 a6 13. Rdg1 Qg4 14. Rh3 Qxf3 15. gxf3 Nd7 16. Bd2 h5 17. f4 Bh6 18. f5 Bxd2+ 19. Kxd2 gxf5 20. exf5 0-0-0 21. Re1 Rde8 22. Rhe3 Ne5 23. b3 Kd8 24. Ne4 f6 25. c4 Rhg8 26. Kd1 Rg4 27. Rh3 Reg8 28. Ng3 Rf4 29. Re2 Nd3 30. Rh2 Rd4 31. Rd2 Nb2+ 32. Kc2 Rxd2+ 33. Kxd2 Rg4 34. Kc2 Nxc4 35. bxc4 Rxc4+ 36. Kd3 Rc5 37. Kd4 Rc2 38. Nxh5 Rxa2 39. Ng7 Ra4+ 40. Kc3 Kc8 41. h5 b5 42. h6 Rc4+ 43. Kd3 Rc5 44. h7 Rxd5+ 45. Ke4 Re5+ 46. Kf4 d5 47. h8Q+ Kb7 48. Ne6 Re4+ 49. Kf3 1-0